[Event "Bad Woerishofen op"]
[Site "Bad Woerishofen"]
[Date "2001.??.??"]
[Round "4"]
[White "Campe, Herbert"]
[Black "Cassar, Horace"]
[Result "0-1"]
[WhiteElo "1716"]
[BlackElo "2000"]
[Annotator "ChessOrg"]
[PlyCount "70"]
[EventDate "1998.03.05"]
[Source "ChessBase"]
[SourceDate "1998.04.29"]

1. e4 {B92: Sizilianisch (Najdorf-Variante mit 6.Le2)} 1... c5 2. Nf3 d6 3. d4
cxd4 4. Nxd4 Nf6 5. Nc3 a6 6. Be2 e5 7. Nb3 Be7 8. O-O O-O 9. f4 b5 10. Bf3 Bb7
11. Qd3 {letzter Buchzug} 11... Nbd7 12. Ne2 Re8 13. Ng3 Bf8 14. Kh1 Qc7 15.
Be3 (15. a4 bxa4 16. Rxa4 16... Rac8 $11) 15... Nc5 $15 16. Nxc5 dxc5 17. c4 $2
(17. f5 $15 $142) 17... exf4 18. Bxf4 (18. e5 bxc4 19. Qc3 Bxf3 (19... fxe3
$143 20. exf6 Bd6 21. Bxb7 Qxb7 22. Nf5 $17) 20. Bxf4 Bxg2+ 21. Kxg2 Nd5 22.
Qxc4 Qxe5 23. Bxe5 Ne3+ 24. Kh1 24... Nxc4 $19) 18... Qxf4 19. e5 Bxf3 (19...
Qxe5 20. Bxb7) 20. exf6 Be4 21. fxg7 (21. Rxf4 $4 21... Bxd3 22. cxb5 22...
axb5 $19) 21... Bd6 (21... Bxd3 $6 22. gxf8=R+ (22. Rxf4 $4 22... Bxg7 (22...
Kxg7 $143 23. cxb5 axb5 24. Rd1 $19) 23. Rf2 23... bxc4 $19) 22... Kxf8 23.
Rxf4 Bxc4 24. Rh4 $17) (21... Bxg7 $6 22. Qd7 (22. Rxf4 Bxd3 23. Rf2 23... bxc4
$19) 22... Bxg2+ 23. Kxg2 Qxc4 24. b3 Qc2+ 25. Rf2 Qxf2+ 26. Kxf2 Bxa1 27. Nf5
$19) 22. Qb3 Qh4 23. cxb5 23... c4 $1 24. Qc3 Bxg3 (24... Re6 25. Rfe1 $19) 25.
Qxg3 Qxg3 26. hxg3 axb5 27. Kg1 Kxg7 28. Rf4 Bg6 29. a3 Re2 30. Rf2 Rae8 31. a4
Re1+ 32. Rf1 Rxf1+ 33. Kxf1 Bd3+ 34. Kf2 Re2+ 35. Kf3 Rxb2 (35... Rxb2 36. a5
36... c3 $19) (35... bxa4 36. Rxa4 Rxb2 37. Ra3 $19) 0-1

[Event "Bad Woerishofen op"]
[Site "Bad Woerishofen"]
[Date "2001.??.??"]
[Round "6"]
[White "Campe, Herbert"]
[Black "Berti, Rudolf"]
[Result "1-0"]
[WhiteElo "1716"]
[BlackElo "1621"]
[Annotator "ChessOrg"]
[PlyCount "90"]
[EventDate "1998.03.05"]
[Source "ChessBase"]
[SourceDate "1998.04.29"]

1. e4 {C01: Franzoesische Verteidigung (Abtauschvariante)} 1... e6 2. d4 d5 3.
exd5 exd5 4. Nf3 Nf6 5. Bd3 Be7 6. O-O O-O 7. Bg5 Bg4 8. Nbd2 h6 9. Bh4 9...
Ne4 {letzter Buchzug} 10. Bxe7 (10. Nxe4 $143 10... Bxh4 11. Ned2 11... Bg5 $11
) 10... Qxe7 11. h3 (11. Re1 $5 $142 11... f5 12. c4 $14) 11... Nxd2 $15 12.
Qxd2 Bxf3 13. gxf3 Nc6 14. c3 Qf6 15. f4 Ne7 16. Rae1 Ng6 17. f5 Nh4 18. Qf4
Rae8 19. Qg3 (19. Rxe8 Rxe8 20. Qxc7 Qg5+ 21. Qg3 Qxg3+ 22. fxg3 Re3 23. gxh4
23... Rxd3 $14) 19... Nxf5 $15 20. Bxf5 (20. Qf4 $5 20... Nd6 21. Qxf6 gxf6 22.
Kh2 $15) 20... Qxf5 $17 21. Qxc7 Qxh3 22. Qxb7 Qg4+ 23. Kh2 Qf4+ 24. Kg2 Rb8 (
24... Re6 25. Rxe6 25... fxe6 $19) 25. Qxd5 $15 25... Rb6 26. Re3 Rxb2 27. Rf3
Qg5+ (27... Qg4+ 28. Rg3 Qe6 29. Qf3 $15) 28. Qxg5 $11 28... hxg5 29. Rc1 (29.
a4 $5 $14 $142) 29... Rxa2 $15 30. c4 Rd2 31. d5 Rc8 32. Rfc3 a5 33. Kf3 Re8 (
33... Kf8 34. Ke3 Ra2 35. R1c2 Rxc2 36. Rxc2 $11) 34. Re3 Kf8 35. Rxe8+ Kxe8
36. Ke3 Rb2 37. c5 37... Rb4 $2 (37... Rb8 $11 $142) 38. c6 38... Kd8 $4 (38...
Rb3+ 39. Kd4 Rb4+ 40. Ke5 f6+ 41. Kd6 41... Kd8 $18) 39. d6 Kc8 40. Rc5 (40. c7
$142 40... Rb3+ 41. Kd4 Rb4+ 42. Kd5 $18) 40... Rb6 41. Kd4 a4 42. Kd5 Ra6 (
42... Rb2 43. Ra5 Rd2+ 44. Ke5 Re2+ 45. Kf5 $18) 43. Rb5 (43. c7 Ra8 44. Rb5
$18) 43... Ra8 (43... Ra7 44. d7+ Rxd7+ 45. cxd7+ Kxd7 46. Rb7+ 46... Ke8 $18)
44. d7+ Kc7 45. Rb7+ Kd8 1-0

[Event "Bad Woerishofen op"]
[Site "Bad Woerishofen"]
[Date "2001.??.??"]
[Round "8"]
[White "Campe, Herbert"]
[Black "Fries, Elisabeth"]
[Result "1-0"]
[WhiteElo "1716"]
[BlackElo "1464"]
[Annotator "ChessOrg"]
[PlyCount "83"]
[EventDate "1998.03.05"]
[Source "ChessBase"]
[SourceDate "1998.04.29"]

1. e4 {B12: Caro-Kann (Vorstoss-Variante)} 1... c6 2. d4 d5 3. e5 Bf5 4. Nf3 e6
5. Be2 h6 6. O-O Ne7 7. c4 {letzter Buchzug} 7... dxc4 8. Bxc4 Nd5 9. Nc3 Be7
10. Qb3 Nb6 11. Be2 O-O 12. Be3 N8d7 13. Rad1 Qc7 14. Nd2 Nd5 15. Nxd5 exd5 16.
g4 Be6 17. f4 f5 18. h3 Nb6 19. Rc1 Rac8 20. Qc2 Qd7 21. Qd1 Bd8 22. Rf2 Qf7
23. b3 g6 24. Rg2 Kh7 25. gxf5 Bxf5 26. Bg4 Rc7 27. Qe2 Nc8 28. Kh2 Ne7 29.
Rcg1 Bxg4 30. hxg4 Rg8 (30... c5 31. Rf1 cxd4 32. Bxd4 $11) 31. Nf1 (31. Rg3
31... Rg7 $14) 31... Nc8 (31... c5 32. dxc5 d4 33. Bc1 $11) 32. Ng3 Qe7 (32...
Bh4 $5 $14) 33. Rh1 $16 33... Qf7 (33... Qf8 $5 $16 $142) 34. Kg1 $18 34... Qf8
(34... Rh8 $18) 35. f5 g5 36. f6 (36. Rgh2 $5 36... Rh8 37. Qd2 Kg8 38. Bxg5
Bxg5 39. Qxg5+ Rg7 (39... hxg5 $4 40. Rxh8+ Kf7 41. R1h7+ Ke8 42. Rxc7 $18) 40.
Rxh6 Rxg5 41. Rxh8+ Kf7 42. e6+ 42... Ke8 $18) 36... Bxf6 37. exf6 Qxf6 38. Nf5
Rg6 39. Rgh2 Nd6 (39... Rf7 $18) 40. Rxh6+ Rxh6 41. Rxh6+ Qxh6 42. Nxh6 (42.
Nxh6 Kxh6 43. Qh2+ Kg7 44. Qxd6 $18) 1-0

[Event "Bad Woerishofen op"]
[Site "Bad Woerishofen"]
[Date "2001.??.??"]
[Round "2"]
[White "Carl, Werner"]
[Black "Sponagel, Gunter"]
[Result "1-0"]
[WhiteElo "1896"]
[BlackElo "1500"]
[Annotator "ChessOrg"]
[PlyCount "73"]
[EventDate "1998.03.05"]
[Source "ChessBase"]
[SourceDate "1998.04.29"]

1. e4 {C07: Franzoesische Verteidigung (Tarrasch-Variante)} 1... e6 2. d4 d5 3.
Nd2 c5 4. exd5 Qxd5 5. Ngf3 cxd4 6. Bc4 Qd8 7. O-O Nc6 8. Nb3 Nf6 9. Nbxd4 Nxd4
10. Nxd4 10... Bc5 {letzter Buchzug} 11. c3 O-O 12. Bg5 a6 13. Re1 Re8 14. Qf3
(14. Nb3 Qxd1 15. Raxd1 15... Be7 $14) 14... Be7 (14... Bxd4 $5 15. cxd4 Qxd4
16. Bxf6 Qxf6 17. Qxf6 17... gxf6 $11) 15. Rad1 $14 15... Qc7 16. Bb3 Bd7 17.
Bc2 Rad8 18. Bf4 Qc8 19. Be5 Bc6 20. Qh3 g6 21. Qh6 Bf8 22. Qh4 22... Nd7 $4 (
22... Nd5 23. c4 Be7 24. Qg3 $14) 23. Bf4 (23. Nxc6 $142 23... bxc6 24. Rxd7
$18) 23... e5 24. Nxc6 Qxc6 25. Bg5 f6 26. Bb3+ Kg7 27. Bh6+ Kh8 28. Bxf8 Rxf8
29. Qh6 Nc5 30. Bc2 f5 (30... Kg8 31. a3 $14) 31. Qg5 (31. Rxe5 $5 31... Rxd1+
32. Bxd1 $18) 31... Ne6 32. Qe7 Rxd1 (32... e4 33. Ba4 b5 34. Rxd8 Rxd8 35. Bb3
$18) 33. Rxd1 33... Kg8 $4 (33... Re8 $142 34. Qf6+ Ng7 35. Qxc6 35... bxc6 $16
) 34. Bb3 (34. Rd7 $5 34... Qxd7 35. Qxd7 35... Nd8 $18) 34... Re8 (34... Qe8
35. Bxe6+ Kh8 36. Qc5 $18) 35. Qf6 Qc8 (35... e4 $18) 36. Rd6 b5 37. Rxe6 (37.
Rxe6 Qxe6 38. Bxe6+ Rxe6 39. Qxe6+ Kf8 40. Qxe5 $18) 1-0

[Event "Bad Woerishofen op"]
[Site "Bad Woerishofen"]
[Date "2001.??.??"]
[Round "4"]
[White "Carl, Werner"]
[Black "Lindenmair, Anton"]
[Result "1/2-1/2"]
[WhiteElo "1896"]
[BlackElo "2105"]
[Annotator "ChessOrg"]
[PlyCount "51"]
[EventDate "1998.03.05"]
[Source "ChessBase"]
[SourceDate "1998.04.29"]

1. e4 {C42: Russische Verteidigung (Petrow)} 1... e5 2. Nf3 Nf6 3. Nxe5 d6 4.
Nf3 Nxe4 5. Bd3 5... Nf6 {letzter Buchzug} 6. h3 Nc6 7. c3 Be7 8. Bc2 Be6 9.
O-O O-O 10. d4 Qd7 11. Bg5 Bf5 12. Re1 Rae8 13. Nbd2 Nd5 14. Bxe7 Rxe7 15. Rxe7
Ncxe7 16. Nf1 Nf4 17. Bxf5 Qxf5 18. Ng3 Qf6 19. Nh2 Neg6 20. Nh5 Nxh5 21. Qxh5
Nf4 22. Qf3 Re8 23. Qxb7 Ne2+ 24. Kf1 Ng3+ 25. Kg1 Ne2+ 26. Kf1 1/2-1/2

[Event "Bad Woerishofen op"]
[Site "Bad Woerishofen"]
[Date "2001.??.??"]
[Round "6"]
[White "Carl, Werner"]
[Black "Kroencke, Manfred"]
[Result "1/2-1/2"]
[WhiteElo "1896"]
[BlackElo "2161"]
[Annotator "ChessOrg"]
[PlyCount "20"]
[EventDate "1998.03.05"]
[Source "ChessBase"]
[SourceDate "1998.04.29"]

1. e4 {B22: Sizilianisch (Alapin 2.c3)} 1... c5 2. c3 d5 3. exd5 Qxd5 4. d4 e6
5. Nf3 Nf6 6. Bb5+ Bd7 7. Bxd7+ Nbxd7 8. O-O 8... cxd4 {letzter Buchzug} 9.
Qxd4 Bc5 10. Qxd5 Nxd5 1/2-1/2

[Event "Bad Woerishofen op"]
[Site "Bad Woerishofen"]
[Date "2001.??.??"]
[Round "9"]
[White "Carl, Werner"]
[Black "Doell, Detlef"]
[Result "1/2-1/2"]
[WhiteElo "1896"]
[BlackElo "2123"]
[Annotator "ChessOrg"]
[PlyCount "37"]
[EventDate "1998.03.05"]
[Source "ChessBase"]
[SourceDate "1998.04.29"]

1. e4 {B22: Sizilianisch (Alapin 2.c3)} 1... c5 2. c3 d5 3. exd5 Qxd5 4. d4 Nc6
5. Nf3 Bg4 6. Be2 cxd4 7. cxd4 e6 8. Nc3 Qd8 9. O-O Nf6 10. Be3 Be7 11. h3 Bh5
12. Qb3 {letzter Buchzug} 12... O-O (12... Qc7 13. Rac1 $11) 13. Rfd1 (13. Qxb7
Nb4 14. Bf4 14... Nbd5 $16) 13... Nb4 14. Rac1 h6 15. a3 Nbd5 16. Nxd5 Nxd5 17.
Rd2 Rc8 18. Rdc2 Rxc2 19. Rxc2 1/2-1/2

[Event "Bad Woerishofen op"]
[Site "?"]
[Date "2001.??.??"]
[Round "1"]
[White "Cassar, Horace"]
[Black "Horvath, Peter"]
[Result "0-1"]
[WhiteElo "2000"]
[BlackElo "2396"]
[Annotator "ChessOrg"]
[PlyCount "56"]
[EventDate "2000.??.??"]

1. e4 {B33: Sizilianisch (Lasker/Pelikan/Sweschnikow-Variante)} 1... c5 2. Nf3
Nc6 3. d4 cxd4 4. Nxd4 Nf6 5. Nc3 e5 6. Ndb5 d6 7. Bg5 a6 8. Na3 b5 9. Nd5 Be7
10. Bxf6 Bxf6 11. c3 Ne7 12. Nxf6+ gxf6 13. Bd3 Bb7 14. Qe2 d5 15. Rd1 {
letzter Buchzug} 15... Qc7 16. Nc2 Rg8 17. Nb4 O-O-O (17... Rxg2 $143 18. exd5
Rg7 19. d6 $14) 18. Qf3 f5 19. exf5 e4 20. Qh3 exd3 21. f6+ Kb8 22. fxe7 Qxe7+
23. Qe3 Qf6 24. Kd2 (24. Qd4 Qxd4 25. cxd4 Rxg2 26. Nxd3 $15) 24... d4 $19 25.
cxd4 Rxd4 (25... Rxg2 26. Kc1 $19) (25... Bxg2 $6 26. Rhe1 $11) (25... Qxd4 26.
Qxd4 Rxd4 27. Nxd3 $15) 26. Nxd3 Rgd8 (26... Rxg2 $6 27. Kc1 $17) (26... Bxg2
$6 27. Rhg1 $19) 27. Kc1 Qc6+ (27... Bxg2 $6 28. Qg3+ R4d6 29. Qxg2 Rxd3 30.
Rxd3 Rxd3 31. Re1 $11) 28. Kb1 Qg6 (28... Qg6 29. Qg3+ Qxg3 30. hxg3 30... Be4
$19) 0-1

[Event "Bad Woerishofen op"]
[Site "Bad Woerishofen"]
[Date "2001.??.??"]
[Round "3"]
[White "Cassar, Horace"]
[Black "Stoffel, Matthias"]
[Result "1-0"]
[WhiteElo "2000"]
[BlackElo "1800"]
[Annotator "ChessOrg"]
[PlyCount "89"]
[EventDate "1998.03.05"]
[Source "ChessBase"]
[SourceDate "1998.04.29"]

1. e4 {B83: Sizilianisch (Scheveninger System)} 1... c5 2. Nf3 d6 3. d4 cxd4 4.
Nxd4 Nf6 5. Nc3 a6 6. Be2 e6 7. Be3 Be7 8. Qd2 Qc7 9. f4 Nc6 10. g4 {
letzter Buchzug} 10... b5 (10... Nxd4 11. Qxd4 e5 12. Qd1 exf4 13. Bxf4 $11)
11. Bf3 (11. g5 11... Nd7 $14) 11... Bb7 12. g5 Nd7 13. f5 (13. Nxc6 Bxc6 14.
Rd1 14... Rd8 $11) 13... Nxd4 (13... Nde5 14. Bg2 Nc4 15. Qf2 Nxe3 16. Qxe3 $19
) 14. Qxd4 (14. Bxd4 b4 15. fxe6 fxe6 16. Ne2 $15) 14... Ne5 $17 15. Be2 g6 (
15... exf5 $5 $142 16. Nd5 Bxd5 17. Qxd5 17... O-O $17) 16. fxe6 (16. f6 16...
Bf8 $14) 16... fxe6 $11 17. O-O-O (17. O-O Qd8 18. Bf4 18... Nf7 $17) 17...
O-O-O (17... Qa5 $5 $15) 18. h4 $14 18... Rhf8 19. Rh3 Bc6 20. a3 Rf7 21. Kb1
Bf8 22. Qb6 Qb7 23. Qxb7+ Kxb7 24. h5 Bg7 25. hxg6 hxg6 26. Bd4 Kc7 27. Bf1
Rdf8 28. Bg2 Ng4 29. Bxg7 Rxg7 30. Rdh1 Rff7 (30... Rf2 31. Bf1 $15) 31. Rh8
Ne3 32. Bh3 Kd7 33. Re1 (33. Rh2 $5 $11) 33... Nc4 $15 34. Nd5 (34. Rd1 $5 $15)
34... Nd2+ $17 35. Kc1 35... Nxe4 $4 (35... Nf3 $142 36. Nf6+ 36... Kc7 $19)
36. Nf6+ $14 36... Nxf6 (36... Rxf6 37. gxf6) 37. Bxe6+ $18 37... Kc7 38. Bxf7
Ne4 39. Be8 Bb7 (39... Nxg5 $5 40. Bxc6 40... Kxc6 $16) 40. Rh6 40... Rg8 $2 (
40... Nxg5 $142 41. Rxg6 Rxg6 42. Bxg6 42... Kb6 $18) 41. Rh7+ Kc8 42. Rxb7 $1
42... Rxe8 (42... Kxb7 43. Rxe4) 43. Ra7 Re6 44. Rxa6 (44. Rf1 Kb8 45. Rg7 Re8
46. Rxg6 46... Kc7 $18) 44... Kb7 (44... Kc7 45. Ra7+ Kc6 46. Rg1 $18) 45. Rxe4
(45. Rxe4 Rxe4 46. Rxd6 $18) 1-0

[Event "Bad Woerishofen op"]
[Site "Bad Woerishofen"]
[Date "2001.??.??"]
[Round "5"]
[White "Cassar, Horace"]
[Black "Bjarnason, Oskar"]
[Result "1/2-1/2"]
[WhiteElo "2000"]
[BlackElo "2163"]
[Annotator "ChessOrg"]
[PlyCount "75"]
[EventDate "1998.03.05"]
[Source "ChessBase"]
[SourceDate "1998.04.29"]

1. e4 {B41: Sizilianisch (Paulsen-Variante)} 1... c5 2. Nf3 e6 3. d4 cxd4 4.
Nxd4 a6 5. c4 Nf6 6. Bd3 6... Qb6 {letzter Buchzug} 7. Nb3 Nc6 (7... Bb4+ 8.
Bd2 d5 9. exd5 exd5 10. cxd5 Nxd5 11. O-O $14) 8. Be3 Qc7 9. f4 h5 (9... d5 10.
Nc3 dxe4 11. Nxe4 Bb4+ 12. Nbd2 Nxe4 13. Bxe4 $11) 10. Nc3 Ng4 11. Qe2 Nxe3 12.
Qxe3 Na5 13. Nd2 Bc5 14. Qg3 Kf8 15. e5 b6 16. a3 Nc6 17. Nce4 h4 18. Qg4 Be7
19. Rd1 Nd4 20. Nd6 (20. O-O 20... Bb7 $11) 20... Bxd6 21. exd6 Qxd6 22. Ne4
Qe7 23. O-O f5 24. Qg5 fxe4 (24... h3 $5 $142 25. Nd6 25... Rg8 $17 (25... Qxd6
$6 26. Qd8+ Kf7 27. Qxh8 $11)) 25. Bxe4 $11 25... Ne2+ 26. Kf2 Nc3 27. Qxe7+
Kxe7 28. Bxa8 Nxd1+ 29. Rxd1 Rh5 30. b3 Ra5 31. a4 b5 32. axb5 axb5 33. Bf3
Ra2+ 34. Ke3 bxc4 35. bxc4 Rc2 36. Kd3 Rf2 37. Ke3 Rc2 38. Kd3 1/2-1/2

[Event "Bad Woerishofen op"]
[Site "Bad Woerishofen"]
[Date "2001.??.??"]
[Round "7"]
[White "Cassar, Horace"]
[Black "Fleck, Ronald"]
[Result "1/2-1/2"]
[WhiteElo "2000"]
[BlackElo "1784"]
[Annotator "ChessOrg"]
[PlyCount "55"]
[EventDate "1998.03.05"]
[Source "ChessBase"]
[SourceDate "1998.04.29"]

1. e4 {C07: Franzoesische Verteidigung (Tarrasch-Variante)} 1... e6 2. d4 d5 3.
Nd2 c5 4. c3 cxd4 5. cxd4 dxe4 6. Nxe4 6... Bb4+ {letzter Buchzug} 7. Nc3 Nf6
8. a3 Be7 9. Nf3 O-O 10. Bd3 Bd7 11. O-O Bc6 12. Ne5 Bd5 13. Bg5 Nc6 14. Re1
Qb6 (14... h6 $5 15. Be3 15... Bd6 $11) 15. Nxd5 $14 15... Nxd5 16. Nd7 Qxd4
17. Re4 (17. Bxe7 $5 17... Ndxe7 18. Nxf8 Rxf8 19. Qe2 $16) 17... Qxb2 $14 18.
Rh4 $4 (18. Bxe7 $142 18... Ncxe7 19. Rb1 $14 (19. Nxf8 Nc3 (19... Rxf8 $143
20. Rb1 Qxa3 21. Ra4 $16) 20. Qc1 Qxc1+ 21. Rxc1 Nxe4 22. Nxe6 22... Nf6 $17))
18... Bxg5 $19 19. Bxh7+ Kh8 20. Bd3+ (20. Rb1 Qxa3 21. Bc2+ Bh6 22. Rxh6+ gxh6
23. Qh5 $11) 20... Kg8 $4 (20... Bh6 $142 21. Nxf8 21... Rxf8 $19) 21. Bh7+ $11
21... Kh8 22. Rb1 (22. Bd3+ Bh6 23. Nxf8 23... Rxf8 $19) 22... Qxa3 (22... Bxh4
$2 23. Rxb2 Rfc8 24. Be4 $18) 23. Be4+ Bh6 24. Rxh6+ gxh6 25. Qh5 Kg7 26. Qg4+
Kh8 27. Qh5 Kg7 28. Qg4+ 1/2-1/2

[Event "Bad Woerishofen op"]
[Site "Bad Woerishofen"]
[Date "2001.??.??"]
[Round "9"]
[White "Cassar, Horace"]
[Black "Liszka, Guenter"]
[Result "0-1"]
[WhiteElo "2000"]
[BlackElo "1750"]
[Annotator "ChessOrg"]
[PlyCount "70"]
[EventDate "1998.03.05"]
[Source "ChessBase"]
[SourceDate "1998.04.29"]

1. e4 {B84: Sizilianisch (Scheveninger System)} 1... c5 2. Nf3 d6 3. d4 cxd4 4.
Nxd4 Nf6 5. Nc3 a6 6. Be2 e6 7. Be3 Be7 8. g4 8... e5 {letzter Buchzug} 9. Nb3
h6 10. Rg1 Be6 11. Nd5 Bxd5 (11... Nxe4 $143 12. Bb6 Qc8 13. Nc7+ Kf8 14. Nxa8
$16) 12. exd5 Nbd7 13. Qd3 Qc7 14. O-O-O (14. h4 $5 $11) 14... Rc8 $15 15. Rd2
Nb6 16. Bxb6 Qxb6 17. Kb1 (17. Bf3 $5 $15 $142) 17... Qxf2 $17 18. Rf1 Qh4 19.
Qf5 (19. Na5 19... Rc7 $17 (19... Nxg4 20. Qf5 O-O 21. Bxg4 $16)) 19... O-O $19
20. Bd1 g6 21. Qf3 Kg7 22. Rg2 Nh7 23. Nd2 Ng5 24. Qe3 Bd8 25. Rh1 Nh7 (25...
Re8 26. Rf1 $19) 26. Nf3 Qe7 27. h4 Rc4 (27... b5 28. Nd2 $17) 28. g5 h5 29.
Nd2 Rf4 30. Ne4 b5 31. Ng3 Kh8 32. a3 (32. Nxh5 gxh5 33. Bxh5 33... Qc7 $17)
32... Rg8 33. Be2 f6 (33... b4 34. Bxa6 bxa3 35. Qxa3 $17) 34. gxf6 (34. Bxh5
f5 35. Be2 35... Ra4 $14) 34... Qxf6 (34... Nxf6 $5 35. Bf3 35... Nd7 $17) 35.
Ne4 (35. Rhg1 $5 35... Qf7 36. Nxh5 Rxh4 37. Qd2 $17) 35... Qe7 (35... Qe7 36.
Rhg1 36... Qxh4 $15) (35... Qf7 $17 $142) 0-1

[Event "Bad Woerishofen op"]
[Site "?"]
[Date "2001.??.??"]
[Round "1"]
[White "Dahmen, Juergen"]
[Black "Krotofil, Kurt"]
[Result "0-1"]
[WhiteElo "1624"]
[BlackElo "2137"]
[Annotator "ChessOrg"]
[PlyCount "80"]
[EventDate "2000.??.??"]

1. c4 {E92: Koenigsindisch (Klassisches System)} 1... Nf6 2. Nc3 g6 3. Nf3 Bg7
4. d4 O-O 5. e4 d6 6. Be2 e5 7. dxe5 dxe5 8. Qxd8 Rxd8 9. Bg5 Nbd7 10. Nd5 c6
11. Nxf6+ {letzter Buchzug} 11... Nxf6 12. O-O h6 13. Bxf6 Bxf6 14. Rfd1 Be6
15. a3 c5 16. Ne1 b6 17. Nc2 Bg5 18. f3 Rd7 19. Rxd7 Bxd7 20. b3 Be6 21. a4 a6
22. Kf2 Bd2 23. Ne3 Bc3 24. Ra2 Bd4 25. Bd3 Rb8 26. Ke2 b5 (26... Bxe3 $5 27.
Kxe3 27... a5 $11) 27. axb5 $14 27... axb5 28. Nd5 (28. cxb5 Bxe3 29. Kxe3
29... Bxb3 $11) 28... b4 $11 29. Ra7 Kg7 30. Ra6 Rb7 31. g3 h5 32. h4 Kh6 33.
f4 Bg4+ 34. Kf1 (34. Kd2 $5 $15 $142) 34... Bd1 $17 35. fxe5 Bxe5 (35... Bxb3
$6 36. e6 fxe6 37. Rxe6 Rf7+ 38. Nf4 $11) 36. Nf4 Rd7 37. Be2 Bxb3 38. Kf2 $4 (
38. Nd3 $142 38... Bd4 39. Ra5 Bxc4 40. Nxc5 Bxe2+ 41. Kxe2 $19) 38... Bc2 (
38... Bxf4 39. gxf4 Rd2 40. Kf3 Rxe2 41. Ra5 $19) 39. Kf3 (39. Ke3 $19) 39...
b3 40. Nd5 (40. Rb6 b2 41. Nd5 $19) 40... Rb7 (40... Rb7 41. Ra3 41... b2 $19)
0-1

[Event "Bad Woerishofen op"]
[Site "Bad Woerishofen"]
[Date "2001.??.??"]
[Round "3"]
[White "Dahmen, Juergen"]
[Black "Warnk, Torsten"]
[Result "0-1"]
[WhiteElo "1624"]
[BlackElo "2039"]
[Annotator "ChessOrg"]
[PlyCount "114"]
[EventDate "1998.03.05"]
[Source "ChessBase"]
[SourceDate "1998.04.29"]

1. c4 {D90: Gruenfeld-Verteidigung (Flohr-Variante)} 1... g6 2. Nc3 Bg7 3. Nf3
Nf6 4. d4 d5 5. cxd5 Nxd5 6. g3 c6 7. Bg2 O-O 8. O-O 8... Nd7 {letzter Buchzug}
9. a3 N7f6 10. Qc2 Re8 (10... Bf5 11. e4 Nxc3 12. exf5 $11) 11. Re1 Qa5 12. Bd2
Qd8 13. b4 Nxc3 14. Bxc3 Nd5 15. Bb2 a5 16. e4 Nc7 17. Rad1 (17. Ne5 $5 $14)
17... axb4 $15 18. axb4 Bg4 19. h3 Bd7 (19... Bxf3 20. Bxf3 Qd6 21. Qb3 $15)
20. Kh2 Qc8 21. Ra1 Nb5 22. Rxa8 Qxa8 23. Ra1 Qc8 24. d5 cxd5 25. Qxc8 Rxc8 26.
Bxg7 Kxg7 27. exd5 Nd6 28. Re1 Kf8 29. Ng5 h6 30. Ne4 Rc2 31. Nc5 (31. Nxd6 $5
31... exd6 32. f4 $15) 31... Bb5 $17 32. Kg1 Rb2 33. Ne4 Rxb4 34. Nxd6 exd6 35.
Rc1 Bc4 36. Ra1 Rb5 37. Ra8+ Ke7 38. Rc8 Bxd5 39. Bxd5 Rxd5 40. Rc7+ Ke6 41.
Rxb7 h5 42. Kf1 Re5 43. Kg2 f6 44. Rg7 g5 45. Rh7 g4 46. hxg4 hxg4 47. Rh8 Kd5
(47... Rc5 48. f4 $19) 48. Rf8 f5 (48... Re6 49. f3 $17) 49. Rd8 (49. Rf6 49...
Kc5 $15) 49... Kc5 50. Rc8+ Kd4 51. Ra8 d5 52. f4 Re2+ 53. Kf1 Rb2 54. Ra3 (54.
Re8 $5 $17 $142) 54... Ke4 $19 55. Ke1 d4 56. Kd1 $2 (56. Ra5 Rg2 57. Re5+ Kf3
58. Rxf5 58... Rxg3 $19 (58... Kxg3 $6 59. Rf8 $19)) 56... Rf2 (56... Rg2 $5
$142 57. Ke1 d3 58. Ra8 Rxg3 59. Re8+ Kxf4 60. Kd2 $19) 57. Ke1 $2 (57. Ra5 $19
) 57... Rf3 (57... Rf3 58. Ra8 58... Rxg3 $19) 0-1

[Event "Bad Woerishofen op"]
[Site "Bad Woerishofen"]
[Date "2001.??.??"]
[Round "5"]
[White "Dahmen, Juergen"]
[Black "Forster, Gabriele"]
[Result "0-1"]
[WhiteElo "1624"]
[BlackElo "1800"]
[Annotator "ChessOrg"]
[PlyCount "50"]
[EventDate "1998.03.05"]
[Source "ChessBase"]
[SourceDate "1998.04.29"]

1. c4 {A16: Englische Eroeffnung} 1... Nf6 2. Nc3 d6 3. Nf3 e5 4. g3 Be7 5. Bg2
O-O 6. O-O {letzter Buchzug} 6... Bd7 7. d4 Nc6 8. dxe5 (8. d5 8... Nb8 $14)
8... dxe5 $11 9. b3 Qc8 10. Bb2 (10. Nd5 e4 11. Ng5 11... Rd8 $14) 10... Bh3
11. a3 (11. Bxh3 Qxh3 12. Nd5 Rad8 13. Nxe7+ 13... Nxe7 $14) 11... Bxg2 12.
Kxg2 e4 13. Ne1 (13. Nd4 $5 $11) 13... Rd8 $17 14. Qb1 Qe6 15. Nc2 a6 (15...
Rd7 16. Ne3 $15) 16. Ne3 $11 16... Rd7 17. Ncd5 Ng4 18. Rd1 (18. Nxg4 Qxg4 19.
f3 exf3+ 20. exf3 20... Qg5 $11) 18... Rad8 19. Nxe7+ (19. Nxg4 Qxg4 20. Qc2
20... Bc5 $11) 19... Nxe7 $17 (19... Rxe7 $6 20. Rxd8+ Nxd8 21. Nd5 $11) 20.
Rxd7 (20. Nxg4 Rxd1 21. Qxd1 Rxd1 22. Rxd1 22... f6 $17) 20... Rxd7 (20...
Nxe3+ $5 $142 21. fxe3 21... Rxd7 $17 (21... Qxd7 $143 22. Qxe4 Qc6 23. Qxc6
Nxc6 24. Bc3 $14)) 21. Nxg4 Qxg4 22. f3 $4 (22. Qc2 $11 $142) 22... exf3+ $19
23. exf3 (23. Kf2 Rd2 24. Qd1 Rxe2+ 25. Kg1 $19) 23... Rd2+ 24. Kg1 Qh3 25. Qf1
(25. Qxh7+ Kxh7 26. Bxg7 Qg2#) 25... Qxh2# 0-1